000 00506nam a2200193Ia 4500
003 GCL
008 140319s9999 xx 000 0 eng d
020 _a0877016976
040 _aGCL /
_cGCL
082 0 4 _aCH
_b813.1
_bR W
100 1 _aDYER, ROD
245 1 0 _aWHO LIKES RAIN ? /
_cDYER, ROD
260 _aنيويورك :
_bROD DYER GROUP, INC. ،
_c0
300 _a24 CM
650 0 4 _aAMERICAN FICTION
650 0 4 _aAMERICAN LITERATURE
650 0 4 _aCHILDREN'S STORIES - AMERICA
942 _2ddc
_cBK
999 _c18515
_d18515